| 000 | 00853nam a2200253Ia 4500 | ||
|---|---|---|---|
| 003 | OSt | ||
| 005 | 20220916110905.0 | ||
| 006 | a|||||r|||| 00| 0 | ||
| 007 | ta | ||
| 008 | 220915b |||||||| |||| 00| 0 hin d | ||
| 024 | _a36296 | ||
| 037 | _cTextbook | ||
| 040 |
_bhin _aARTS _cARTS |
||
| 041 | _ahin | ||
| 082 | _aO15,2:gxD98,1,1, K91-;1;L7-;2 | ||
| 100 | _aशास्त्रिणा, श्री निवास | ||
| 245 | 0 | _aदशरूपकम् | |
| 246 | _aDasharūpakam | ||
| 260 |
_aमेरठ _bसाहित्य भणडार भारत _c1969 |
||
| 300 |
_a407पण् _ccm. |
||
| 650 | _aहिन्दी साहित्य | ||
| 942 |
_hO15,2:gxD98,1,1, K91-;1;L7-;2 _cTB _2CC |
||
| 999 |
_c100558 _d100558 |
||